Giáo trình thẩm định tín dụng

Cung cấp kiến thức cơ bản và chuyên sâu trong công tác thẩm định tín dụng của ngân hàng thương mại

Đã lưu trong:
Bibliografiske detaljer
Hovedforfatter: Lý, Hoàng Ánh
Format: Bog
Sprog:Undetermined
Udgivet: Thành phố Hồ Chí Minh Kinh tế Thành phố Hồ Chí Minh 2014
Fag:
Tags: Tilføj Tag
Ingen Tags, Vær først til at tagge denne postø!
Thư viện lưu trữ: Trung tâm Học liệu Trường Đại học Cần Thơ
LEADER 00840nam a2200205Ia 4500
001 CTU_197125
008 210402s9999 xx 000 0 und d
020 |c 79000 
082 |a 332.7 
082 |b A107 
100 |a Lý, Hoàng Ánh 
245 0 |a Giáo trình thẩm định tín dụng 
245 0 |c Lý Hoàng Ánh, Nguyễn Đăng Dờn (đồng chủ biên) 
260 |a Thành phố Hồ Chí Minh 
260 |b Kinh tế Thành phố Hồ Chí Minh 
260 |c 2014 
520 |a Cung cấp kiến thức cơ bản và chuyên sâu trong công tác thẩm định tín dụng của ngân hàng thương mại 
650 |a Banks and banking,Ngân hàng và nghiệp vụ ngân hàng 
904 |i Nguyên 
980 |a Trung tâm Học liệu Trường Đại học Cần Thơ